Pingulala General Knowledge 6 (Normal) - Statistics

General Stats
  • This quiz has been taken 16 times
  • The average score is 10 of 20
Answer Stats
Hint Answer % Correct
What is the deepest ocean in the world? Pacific Ocean
93%
Which mammal has the longest gestation period? Elephant
86%
Who was the first ruler of the Mongol Empire? Genghis Khan
86%
Which European country has the most islands? Sweden
86%
Which organ regulates blood sugar levels? Pancreas
79%
What is the Roman name for the Greek god Zeus? Jupiter
71%
Who was the longest-reigning British monarch before Queen Elizabeth II? Queen Victoria
71%
The TV series Breaking Bad is set in which U.S. state? New Mexico
64%
What is the standard length of a marathon? 26.2 miles (42.2 km)
57%
In Norse mythology, what is the name of the realm of the gods? Asgard
57%
The Great Victoria Desert is located in which country? Australia
57%
What fruit is dried to make prunes? Plum
57%
What is the medical name for the kneecap? Patella
50%
Who directed The Dark Knight trilogy? Christopher Nolan
36%
Which team won the first Super Bowl? Green Bay Packers
14%
What part of the brain is responsible for processing emotions? The amygdala
14%
What does ABS stand for in vehicle safety? Anti-lock Braking System
7%
Who is considered the father of existentialism? Søren Kierkegaard
7%
What was the primary rifle used by the U.S. military in World War II? M1 Garand
0%
What was the first commercially available computer? UNIVAC I
0%
No matching quizzes found
Score Distribution
Percent of People with Each Score
Percentile by Number Answered
Your Score History
You have not taken this quiz